So Good They Can't Ignore You (Record no. 332222)

MARC details
000 -LEADER
fixed length control field 00512nam a2200169Ia 4500
008 - FIXED-LENGTH DATA ELEMENTS--GENERAL INFORMATION
fixed length control field 230718s9999 xx 000 0 und d
020 ## - INTERNATIONAL STANDARD BOOK NUMBER
International Standard Book Number 9781455528042
041 ## - LANGUAGE CODE
Language code of text/sound track or separate title eng
082 ## - DEWEY DECIMAL CLASSIFICATION NUMBER
Classification number 813.54
Item number NEW
100 ## - MAIN ENTRY--PERSONAL NAME
Personal name Newport C.
9 (RLIN) 194494
245 ## - TITLE STATEMENT
Title So Good They Can't Ignore You
Remainder of title Why Skills Trump Passion In The Quest For Work You Love
260 ## - PUBLICATION, DISTRIBUTION, ETC. (IMPRINT)
Date of publication, distribution, etc. 2012
Name of publisher, distributor, etc. Business Plus
300 ## - PHYSICAL DESCRIPTION
Extent 273
365 ## - TRADE PRICE
Currency code Rs.
Price amount 699.00
700 ## - ADDED ENTRY--PERSONAL NAME
Personal name Newport C.
9 (RLIN) 194494
906 ## - LOCAL DATA ELEMENT F, LDF (RLIN)
d O:0333919-Mar-2013B:284308-Mar-2013
c GENRL
b 153.78
Holdings
Withdrawn status Lost status Damaged status Not for loan Home library Current library Date acquired Vendor Budget Code Cost, normal purchase price Bill number Total Checkouts Full call number Barcode Checked out Date last seen Date last checked out Discount Cost, replacement price Bill Date Koha item type Original Barcode
        Cummins College of Engineering for Women Pune Cummins College of Engineering for Women Pune 19/03/2013 Technical Book Services GENRL 545.22 2843 19 813.54 CCEP-BK-43429 06/04/2026 23/03/2026 23/03/2026 153.78 699.00 08/03/2013 Books 043429